Mối quan hệ giữa quyền công dân và quyền con người

Đề tài cung cấp những kiến thức cơ bản về vấn đề quyền con người, quyền công dân giúp cho người đọc có nhận thức đúng đắn về vấn đề. Bao gồm những nội dung : Tổng quan về quyền công dân và quyền con người ; mối quan hệ giữa quy...

全面介绍

Đã lưu trong:
书目详细资料
主要作者: Huỳnh, Thị Nam Hải
格式: 图书
语言:Undetermined
出版: Cần Thơ Trường Đại học Cần Thơ 2008
主题:
标签: 添加标签
没有标签, 成为第一个标记此记录!
Thư viện lưu trữ: Trung tâm Học liệu Trường Đại học Cần Thơ
LEADER 01155nam a2200217Ia 4500
001 CTU_165163
008 210402s9999 xx 000 0 und d
082 |a 323.6 
082 |b H103 
088 |a 57T./HĐ.QLKH 2007 
100 |a Huỳnh, Thị Nam Hải 
245 0 |a Mối quan hệ giữa quyền công dân và quyền con người 
245 0 |c Chủ nhiệm Huỳnh Thị Nam Hải 
260 |a Cần Thơ 
260 |b Trường Đại học Cần Thơ 
260 |c 2008 
520 |a Đề tài cung cấp những kiến thức cơ bản về vấn đề quyền con người, quyền công dân giúp cho người đọc có nhận thức đúng đắn về vấn đề. Bao gồm những nội dung : Tổng quan về quyền công dân và quyền con người ; mối quan hệ giữa quyền công dân và quyền con người. 
650 |a Human rights,Citizenship,Quyền con người,Quyền công dân 
904 |i Trọng Hiếu 
915 |a KL 
980 |a Trung tâm Học liệu Trường Đại học Cần Thơ